MARC details
| 000 -CABECERA |
| campo de control de longitud fija |
00998nam a2200265 a 4500 |
| 001 - NÚMERO DE CONTROL |
| campo de control |
000033126 |
| 003 - IDENTIFICADOR DEL NÚMERO DE CONTROL |
| campo de control |
DO-SdBNP |
| 005 - FECHA Y HORA DE LA ÚLTIMA TRANSACCIÓN |
| campo de control |
20240408175713.0 |
| 008 - DATOS DE LONGITUD FIJA--INFORMACIÓN GENERAL |
| campo de control de longitud fija |
100916s1978 dr 000 0 spa d |
| 040 ## - FUENTE DE LA CATALOGACIÓN |
| Centro catalogador/agencia de origen |
DO-SdBNP |
| Lengua de catalogación |
spa |
| Centro/agencia transcriptor |
BNPHU |
| 082 #4 - NÚMERO DE LA CLASIFICACIÓN DECIMAL DEWEY |
| Número de clasificación |
972.93697 |
| Número de documento/Ítem |
D473h, 1978 |
| Número de edición |
22 |
| 100 1# - ENTRADA PRINCIPAL--NOMBRE DE PERSONA |
| Nombre de persona |
Despradel i Batista, Guido, |
| Fechas asociadas al nombre |
1909- |
| 9 (RLIN) |
40548 |
| 245 10 - MENCIÓN DE TÍTULO |
| Título |
Historia de la Concepción de La Vega : |
| Resto del título |
(contribución a su estudio) / |
| Mención de responsabilidad, etc. |
Guido Despradel i Batista. |
| 250 ## - MENCIÓN DE EDICIÓN |
| Mención de edición |
2a ed. |
| 260 ## - PUBLICACIÓN, DISTRIBUCIÓN, ETC. |
| Lugar de publicación, distribución, etc. |
La Vega : |
| Nombre del editor, distribuidor, etc. |
Club Rotario de la Vega Real, |
| Fecha de publicación, distribución, etc. |
1978. |
| 300 ## - DESCRIPCIÓN FÍSICA |
| Extensión |
246 p. ; |
| Dimensiones |
22 cm. |
| 504 ## - NOTA DE BIBLIOGRAFÍA, ETC. |
| Nota de bibliografía, etc. |
Bibliografía : p. 246 |
| 590 ## - NOTA LOCAL (RLIN) |
| Nota local |
Inventariado, 2021 / DG |
| 650 14 - PUNTO DE ACCESO ADICIONAL DE MATERIA--TÉRMINO DE MATERIA |
| Término de materia o nombre geográfico como elemento de entrada |
Ciudades y pueblos |
| Subdivisión general |
República Dominicana |
| 9 (RLIN) |
1095 |
| 650 14 - PUNTO DE ACCESO ADICIONAL DE MATERIA--TÉRMINO DE MATERIA |
| Término de materia o nombre geográfico como elemento de entrada |
La Vega (República Dominicana) |
| Subdivisión general |
Biografías |
| 9 (RLIN) |
58789 |
| 651 10 - PUNTO DE ACCESO ADICIONAL DE MATERIA--NOMBRE GEOGRÁFICO |
| Nombre geográfico |
Concepción de la Vega (Republica Dominicana ) |
| 9 (RLIN) |
2180 |
| 651 14 - PUNTO DE ACCESO ADICIONAL DE MATERIA--NOMBRE GEOGRÁFICO |
| Nombre geográfico |
La Vega (República Dominicana{Rpara} |
| Subdivisión general |
Vida social y costumbres |
| 9 (RLIN) |
8244 |
| 910 ## - DATOS DE OPCIÓN DEL USUARIO (OCLC) |
| Datos de opción del usuario |
Validado. Control de calidad MFF |
| 942 ## - ELEMENTOS DE PUNTO DE ACCESO ADICIONAL (KOHA) |
| Fuente del sistema de clasificación o colocación |
Dewey Decimal Classification |
| Tipo de ítem Koha |
Libro |